000 00266nam a2200109Ia 4500
008 220216s9999 xx 000 0 und d
100 _aRowzee E R
245 0 _aWorld of rubber and its future
260 _bIRI Transactions
_c1963
300 _aT170-T181
942 _cJS
999 _c72497
_d72497